[Event "Oviedo op 8th"]
[Site "Oviedo"]
[Date "2022.07.22"]
[Round "8"]
[White "Zorrilla Sainz, Isaac"]
[Black "Montoto Arce, Oscar"]
[Result "0-1"]
[WhiteElo "1265"]
[BlackElo "1492"]
[PlyCount "82"]
[EventDate "2022.07.17"]
[EventType "swiss"]
[EventRounds "9"]
[EventCountry "ESP"]
[SourceTitle "CBM 209 Extra"]
[Source "ChessBase"]
[SourceDate "2022.09.30"]
[SourceVersion "1"]
[SourceVersionDate "2022.09.30"]
[SourceQuality "1"]

1. d4 e6 2. c4 f5 3. Nf3 Nf6 4. g3 b6 5. Bg2 Bb7 6. 0-0 Nc6 7. d5 Na5 8. dxe6 dxe6 9. Qc2 Bd6 10. Rd1 Qe7 11. a3 0-0 12. Bd2 Be4 13. Qa4 Nb7 14. Rc1 a5 15. Nc3 Nc5 16. Qd1 a4 17. Nd4 e5 18. b4 axb3 19. Nxb3 Bxg2 20. Kxg2 c6 21. Na2 Rxa3 22. Bb4 Raa8 23. Nc3 Rxa1 24. Rxa1 Rd8 25. Bxc5 Bxc5 26. Qc2 e4 27. Qa2 Qe5 28. Nxc5 bxc5 29. Qa5 Re8 30. e3 h5 31. Ra3 Rb8 32. Qa4 Qd6 33. Qa7 Rb2 34. Qa8+ Kh7 35. Ra2 Qd2 36. Rxb2 Qxb2 37. Nd1 Qc2 38. Qa1 Qxc4 39. Nc3 Nd5 40. Nb1 Qc2 41. Qe5 Nxe3+ 0-1

[Event "Oviedo op 8th"]
[Site "Oviedo"]
[Date "2022.07.20"]
[Round "6"]
[White "Uria Oro, Jorge"]
[Black "Montoto Arce, Oscar"]
[Result "0-1"]
[WhiteElo "1242"]
[BlackElo "1492"]
[PlyCount "94"]
[EventDate "2022.07.17"]
[EventType "swiss"]
[EventRounds "9"]
[EventCountry "ESP"]
[SourceTitle "CBM 209 Extra"]
[Source "ChessBase"]
[SourceDate "2022.09.30"]
[SourceVersion "1"]
[SourceVersionDate "2022.09.30"]
[SourceQuality "1"]

1. e4 e6 2. d4 d5 3. exd5 exd5 4. Bd3 Bd6 5. Nf3 Nf6 6. Bg5 Bg4 7. Qe2+ Qe7 8. Bxf6 Qxe2+ 9. Bxe2 gxf6 10. h3 Bf5 11. c3 Rg8 12. Rg1 Nd7 13. g4 Be6 14. Nbd2 0-0-0 15. 0-0-0 Rde8 16. Bd3 h6 17. a4 c5 18. dxc5 Nxc5 19. Bb5 Re7 20. b4 Nd7 21. Nc4 Bf4+ 22. Ne3 Ne5 23. Nxe5 fxe5 24. Kb2 Bxe3 25. fxe3 Rc7 26. Rge1 e4 27. a5 a6 28. Ba4 Kb8 29. Rd2 Rgc8 30. Rc1 f5 31. Bb3 fxg4 32. hxg4 Bxg4 33. Rh2 d4 34. exd4 h5 35. c4 e3 36. Re1 e2 37. c5 Re7 38. Bc4 Rce8 39. Kc2 Re4 40. Kc3 Kc7 41. Bd3 Re3 42. Kd2 Kc6 43. Bxe2 Bxe2 44. Rhxe2 Rxe2+ 45. Rxe2 Rxe2+ 46. Kxe2 Kd5 47. Kf3 Kxd4 0-1